000 00271nam a2200097Ia 4500
082 _a658 NUTT
245 0 _aCareer Award, Business Standard level
100 _a NUTTALL, Chris J. Cambridge, 2003
_993293
942 _cBK
008 210817s9999 xx 000 0 und d
999 _c381160
_d381159